مكتبة جامعة عجلون الوطنية

فهرس بحث المكتبة

Normal view MARC view
  • المكتبات- ضبط الجودة- مؤتمرات- ادارة

Entry Topical Term

Number of records used in: 1

001 - CONTROL NUMBER

  • control field: 57342

003 - CONTROL NUMBER IDENTIFIER

  • control field: JO-AjAnu

005 - DATE AND TIME OF LATEST TRANSACTION

  • control field: 20230606083406.0

008 - FIXED-LENGTH DATA ELEMENTS

  • fixed length control field: 230606|| aca||aabn | a|a d

040 ## - CATALOGING SOURCE

  • Original cataloging agency: JO-AjAnu
  • Transcribing agency: JO-AjAnu

150 ## - HEADING--TOPICAL TERM

  • Topical term or geographic name entry element: المكتبات- ضبط الجودة- مؤتمرات- ادارة

670 ## - SOURCE DATA FOUND

  • Source citation: Work cat.: (JO-AjAnu)29256: مكتبة الجامعة الاردنية, author 57341, نحو مكتبات حديثة الجودة والإعتمادية: المؤتمر الدولي الثالث في النشر الإلكتروني لمكتبة الجامعة الأردنية 25-27 تموز 2017